Corporate human resources development: A management tool (Record no. 35574)

MARC details
000 -LEADER
fixed length control field 00310nam a2200109Ia 4500
082 ## - DEWEY DECIMAL CLASSIFICATION NUMBER
Classification number 331.101.262
Item number NAD
100 ## - MAIN ENTRY--AUTHOR NAME
Personal name Nadler, Leonard
245 #0 - TITLE STATEMENT
Title Corporate human resources development: A management tool
260 ## - PUBLICATION, DISTRIBUTION, ETC. (IMPRINT)
Place of publication New York
Name of publisher Van Nostrand
Year of publication 1980
942 ## - ADDED ENTRY ELEMENTS (KOHA)
Koha item type Books
Holdings
Withdrawn status Lost status Damaged status Not for loan Home library Current library Date acquired Cost, normal purchase price Full call number Accession Number Koha item type
        RRII Library RRII Library 16/12/2021 16.95 331.101.262 NAD 15997 Books